Obálka Náhled e-knihy:
Epub
Pro půjčování e-knih musíte být přihlášeni.
Jak si půjčit online?

Odyssey one. III, Domovský svět /

Další pokračování vědecko-fantastického románu kanadského autora. Pozemský průzkum neznámých částí Galaxie pokračuje. Nikoli však bez následků.

Uloženo v:
Série:Odyssey one, část 3
Hlavní autor: Currie, Evan, 1976- (Autor)
Další autoři: Marek, Jakub (Autor)
Médium: E-kniha
Jazyk:Czech
Vydáno: Praha : Euromedia Group, 2023
Vydání:Vydání první
Edice:Sci-fi (Laser)
Témata:
Příbuzné jednotky:Přeloženo z: Odyssey one
Z cyklu:: Odyssey one
Tagy:
Žádné tagy
LEADER 02945nam a2200553 i 4500
001 312074
003 CZ PrSKC
005 20260601215716.0
007 ta
008 230831s2023 xr g 000 f cze
015 |a cnb003502088 
020 |a 9788024289328  |q (brožováno) 
035 |a (OCoLC)1402155914 
040 |a ABG001  |b cze  |e rda 
041 1 |a cze  |h eng 
072 7 |a 821.111-3  |x Anglická próza, anglicky psaná  |2 Konspekt 
080 |a 821.111(71)-31  |2 MRF 
080 |a (0:82-311.9)  |2 MRF 
100 1 |a Currie, Evan,  |d 1976-  |7 xx0269157  |4 aut 
240 1 0 |a Homeworld.  |l Česky 
245 1 0 |a Odyssey one.  |n III,  |p Domovský svět /  |c Evan Currie ; přeložil Jakub Marek 
246 1 |i Název v tiráži:  |a Odyssey one: Domovský svět 
246 3 0 |a Domovský svět 
250 |a Vydání první 
264 1 |a Praha :  |b Euromedia Group,  |c 2023 
300 |a 398 stran ;  |c 19 cm 
336 |a text  |b txt  |2 rdacontent 
337 |a bez média  |b n  |2 rdamedia 
338 |a svazek  |b nc  |2 rdacarrier 
490 1 |a Sci-fi 
500 |a Přeloženo z angličtiny 
500 |a Na obálce uvedeno nakladatelství Laser 
520 2 |a Další pokračování vědecko-fantastického románu kanadského autora. Pozemský průzkum neznámých částí Galaxie pokračuje. Nikoli však bez následků.  |b Když nebezpeční mimozemšťané Drasinové, které se vesmírné lodi Odyssea a jejím priminským spojencům podařilo již dvakrát odrazit, objeví ve vzdálené soustavě průzkumnou čínskou loď Wej-fang, je rázem ohrožena nejen její posádka, ale i samotná existence lidstva. Drasinské dronové lodě pronásledují Wej-fang až do Sluneční soustavy a chystají se na příkaz svých tajemných vládců napadnout Zemi. Odyssea, která pod velením kapitána Erica Westona právě plní novou misi na priminském světě Ranquilu, se musí vrátit na domácí půdu, aby vypomohla nově postaveným pozemským lodím a automatizovaným obranným systémům. Bude to však stačit? Nakladatelská anotace. Kráceno. 
546 |a Český text 
655 7 |a kanadské romány (anglicky)  |7 fd139325  |2 czenas 
655 7 |a vědecko-fantastické romány  |7 fd133847  |2 czenas 
655 9 |a Canadian fiction (English)  |2 eczenas 
655 9 |a science fiction novels  |2 eczenas 
700 1 |a Marek, Jakub  |7 pna2007403550  |4 trl 
765 0 |t Odyssey one 
787 0 8 |i Z cyklu:  |t Odyssey one  |g 3 
830 0 |a Sci-fi (Laser) 
900 |a ABA001  |b 20 
928 9 |a Euromedia Group - Laser 
928 9 |a Laser 
044 |a xr 
910 |a RBIT002 
998 |d 385874  |a https://core.palmknihy.cz/api/books/385874/cover?rzxqee  |b https://core.palmknihy.cz/api/books/385874/cover/400?rzxqee  |c https://core.palmknihy.cz/api/books/385874/cover/50?rzxqee  |e 2027-12-12  |g 400  |i 9788024289328  |j https://core.palmknihy.cz/api/books/385874/preview.epub  |l   |q 49  |r 1  |s https://www.palmknihy.cz/kniha/385874  |t ebook  |y 2023  |z 0  |v Odyssey One  |w 3 
999 |d 312072